03046nam a2200349 a 4500003000900000005001700009007000300026008003900029020001800068040003100086082003200117100005300149245020400202250001300406260000600419264007400425300006000499336002800559337003500587338003000622490005600652500007100708500003600779504004000815505150300855651008402358651006802442700004402510700004302554700003702597710006202634DO-SdBPM20250730112419.0ta220615e2015 dr aoh|gr|||| 001 edspa d a9789945586244 aDO-SdBPMbspacBPMSI erda 4a 972.93053bB673o 20152 221 aBofill Pérez, María Antonia, d1954-eautor 13aLa olvidada expedición a Santo Domingo en 1959 /cMaría Antonia Bofill Pérez ; presentación, Miguelina Crespo V.; Edición y corrección, William Capellán Ferreira, Daniel García Santos a2da. ed. b  aSanto Domingo :bComisión Permanente de Efemérides Patrias,c2015 a195 páginas :bilustraciones, fotorgrafía ;c23 cm. atextobtxt2rdacontent  asin mediación bn2rdamedia  avolumen bnc2rdacarrier 0 aComisión Permanente de Efemérides Patrias,v229 aIncluye datos biográficos del autor en la solapa de la cubierta  aIncluye índice onomástico,  aBibliografía: páginas. 183- 1840 aPresentación / Ángela Peña, 11.-- A modo de presentación, 15.-- Antecedentes. Fidel en el proceso de Cayo Confites, año 1947, 24.-- Las victorias del Ejército Rebelde, 27.-- Triunfo de la Revolución Cubana, 29.-- Los que estuvieron en Mil Cumbres, testimonios de los participantes en los hechos, 32.-- Primeras acciones para la salida, 38.-- Los hechos. Lugar y fecha de la salida, 48.-- Rumbo este, hacia el Paso de los Vientos, 53.-- Se traspasan la cortina de acero, 54.-- Las consecuencias. El desembarco lo hicimos por Haití, 61.--Y... que estos días serían recordados, 67.-- La invasión del Argelino, 70.-- Empecé a soñar que nos estaban atacando, 75.-- La captura, 82.-- Los expedicionarios narran sus vivencias en las carceles de Haití, 87.-- Retorno a casa. La llegada a Cuba, 98.-- Los recuerdos, 108.-- Los expedicionarios. Relación de los expedicionarios del 10 de agosto de 1959, 113.-- Biografías de los inmolados, 115.-- A modo de conclusión. Entrevista íntegra realizada por María Antonia Bofill Pérez a Delio Gómez Ochoa [...], 154.-- De la entrevista a Roberto Fajardo Soto, 162.-- Anexos. Carta de José Ramón Fernández Mengual a Delio Gómez Ochoa [...], 167.-- Recorte del periódico El Mundo: «Cubanos prisioneros», 168.-- Propuestas de condecoraciones, 171.-- «El Gaucho», tomado de Ese hombre y otros papeles personales, de Rodolfo Walsh, 177.-- Carta de los dominicanos a los puertopradenses, 182.-- Bibliografía, 183. 7aSanto Domingo (República Domincana)xHistoriay Era de Trujillo 1930-1961 v  7aRepública Dominicana xHistoriayExpedición de junio 1959 1 aCrespo V., Miguelina epresentación 1 aCapellán Ferreira, William eeditor 1 aGarcía Santos, Danieleeditor 2 aRepública Dominicana.b Archivo General de la Nación